Václav Kulič: Psychologie řízeného učení

Podrobná bibliografia
Hlavní autori: Hapala, Dušan, 1923- (Autor), Kulič, Václav (Autor)
Médium: Článok
Jazyk:slovenčina
čeština
Predmet:

MARC

LEADER 00000nab a2200000 a 4500
001 vtls000502222
003 SK-MaSNL
005 20260304094511.0
008 250425c1993 xo 0 slo
015 |a SNBRB19rr/mm-uuuuu 
035 |a CL0502360 
035 |a urn:nbn:sk:snk-ab7jli 
035 |a (urnnbn)urn:nbn:sk:snk:ar-005ymr 
035 |a (uuid)910626f9-852f-4c12-a80f-8ef1f1e0caa9 
040 |a SNKBUCL  |b slo  |c SNKBUCL  |e AACR2 
041 0 |a cze 
044 |a xo  |c SK 
080 |a 159.953.5:371.315.7  |2 1981 
080 |a 371.315.7  |2 1981 
100 1 |a Hapala, Dušan,  |d 1923-  |4 aut  |9 279564 
245 1 0 |a Václav Kulič: Psychologie řízeného učení  |c D. Hapala 
650 0 7 |a učenie riadené  |2 snkbucl  |9 937627 
655 7 |a články z novín a časopisov  |2 snkbucl  |9 267496 
700 1 |a Kulič, Václav  |4 aut  |9 281139 
773 0 |t Pedagogická revue  |g Roč. 45, č. 9-10 (1993), s. 597-599 
787 0 8 |i Rec.:  |a Kulič, Václav  |t Psychologie řízeného učení  |d Praha : Academia, 1992 
850 |a Slovenská národná knižnica 
852 |a Slovenská národná knižnica 
958 |a article7 
958 |a OND 
958 |a RK 
958 |a EUIPO 
992 |a RBX 
999 |c 2827489  |d 2829419